Production Transformation Policy Review of Colombia Unleashing Productivity

Guardado en:
Detalles Bibliográficos
Formato: Libro
Lenguaje:inglés
Publicado: Paris OECD 2019
Colección:OECD Development Pathways
Materias:
Etiquetas: Agregar Etiqueta
Sin Etiquetas, Sea el primero en etiquetar este registro!

MARC

LEADER 00000nam a2200000 4500
001 0254648
005 20221220065122.1
020 |a 978-92-64-31227-2 
041 0 |a eng 
044 |a FR 
245 1 0 |a Production Transformation Policy Review of Colombia  |b Unleashing Productivity 
264 1 |a Paris  |b OECD  |c 2019 
300 |a 139 s. 
490 1 |a OECD Development Pathways 
830 0 |a OECD Development Pathways 
610 2 0 |a politika výrobná 
610 2 0 |a revízia 
610 2 0 |a transformácia 
610 2 0 |a produktivita 
610 2 0 |a rozvoj hospodársky 
610 2 0 |a regióny 
610 2 0 |a priemysel 
610 2 0 |a porovnanie štatistické medzinárodné 
610 2 0 |a Kolumbia